Curso de sistematización en ambientes educativos /
| Yazar: | |
|---|---|
| Diğer Yazarlar: | |
| Materyal Türü: | Kitap |
| Dil: | İspanyolca |
| Baskı/Yayın Bilgisi: |
San José, Costa Rica. :
INIE,
2009
|
| Konular: |
MARC
| LEADER | 00000nam a2200000Ia 4500 | ||
|---|---|---|---|
| 008 | 161122b2009 cr ||||| |||| 00| | spa d | ||
| 999 | |c 1536 |d 1536 | ||
| 090 | |a 06.02.01 |b 2013 | ||
| 100 | 1 | |9 759 |a García Fallas, Jacqueline | |
| 245 | 1 | 0 | |a Curso de sistematización en ambientes educativos / |c Jacqueline García; María Díaz |
| 260 | |a San José, Costa Rica. : |b INIE, |c 2009 | ||
| 300 | |a 32 páginas | ||
| 500 | |a Proyecto de Acción Social ED-2453 | ||
| 650 | 1 | 4 | |a CAPACITACIÓN |9 729 |
| 650 | 1 | 4 | |a DOCENTES |9 331 |
| 700 | |a Díaz Madrigal, María |9 1438 | ||
| 942 | |i 002351 |h 06.02.01 2013 |2 z |c 04 | ||
